Atlas Manual de Anatomía / (Record no. 116374)

MARC details
000 -LEADER
campo de control de longitud fija 00635nam a2200193 4500
001 - NÚMERO DE CONTROL
campo de control 116374
003 - IDENTIFICADOR DE NÚMERO DE CONTROL
campo de control ES-MaACL
005 - FECHA Y HORA DE LA ÚLTIMA TRANSACCIÓN
campo de control 20230906190708.0
007 - CAMPO FIJO DE DESCRIPCIÓN FÍSICA--INFORMACIÓN GENERAL
campo de control de longitud fija t|
008 - DATOS DE LONGITUD FIJA--INFORMACIÓN GENERAL
campo de control de longitud fija 061121s1961 sp r ||||1| spa d
100 1# - ENTRADA PRINCIPAL--NOMBRE DE PERSONA
Nombre de persona Pauchet, Victor.
9 (RLIN) 89621
245 10 - MENCIÓN DEL TÍTULO
Título Atlas Manual de Anatomía /
Mención de responsabilidad, etc. por Victor Pauchet y S. Dupret ; versión por Adolfo Varela Castro.
250 ## - MENCION DE EDICION
Mención de edición 4ª ed. aum. con arreglo a la 5ª francesa.
260 ## - PUBLICACIÓN, DISTRIBUCIÓN, ETC.
Lugar de publicación, distribución, etc. Barcelona :
Nombre del editor, distribuidor, etc. Gustavo Gili,
Fecha de publicación, distribución, etc. 1961.
300 ## - DESCRIPCIÓN FÍSICA
Extensión 449 p., 424 lám. ;
Dimensiones 19 cm.
700 1# - ENTRADA AGREGADA--NOMBRE PERSONAL
Nombre de persona Dupret, Simon.
9 (RLIN) 168282
700 1# - ENTRADA AGREGADA--NOMBRE PERSONAL
Nombre de persona Varela Castro, Adolfo.
9 (RLIN) 113148
852 ## - LOCALIZACIÓN
Ubicación ES-MaACL
Número de control de estantería C-21093
Sublocalización o colección R.49096
Holdings
Estatus retirado Estado de pérdida Estado de daño No para préstamo Biblioteca de origen Biblioteca actual Ubicación en estantería Fecha de adquisición Fuente de adquisición Total de préstamos Signatura topográfica completa Código de barras Visto por última vez Precio de reemplazo Tipo de ítem Koha
        Biblioteca del Ateneo de Madrid Biblioteca del Ateneo de Madrid Galería 17/01/2008     C-21093 1121352 23/02/2023 23/02/2023 Libro impreso